| 000 | 00623nam a22001697a 4500 | ||
|---|---|---|---|
| 005 | 20120516121927.0 | ||
| 020 |
_a817733171X _c280.00 |
||
| 035 | _aB-82684 | ||
| 037 |
_aDPL _bENG |
||
| 100 |
_aAhuja, Girish _947167 |
||
| 245 |
_aBharat's systematic approach to income tax and central sales tax / _cby Girish Ahuja and Ravi Gupta |
||
| 260 |
_aNew Delhi _bBharat Law House _c2004 |
||
| 300 |
_a990p. _c22 cms. |
||
| 700 |
_aGupta, Ravi _947168 |
||
| 942 |
_2ddc _cEN _h336.24 _mAHU |
||
| 999 |
_c66705 _d66705 |
||